00659cam a22001813a 450000100060000000300060000600500170001200800410002904000150007004200070008510000480009224501870014026000290032750600300035651600200038683000290040685600420043534570PGUSA20140828083739.0101205s2010||||xxu|||||s|||||000 | eng d aPGUSAbeng adc1 aHarding, A. R.q(Arthur Robert),d1871-193010aGinseng and Other Medicinal Plants :bA Book of Valuable Information for Growers as Well as Collectors of Medicinal Roots, Barks, Leaves, Etc.h[electronic resource] /cA. R. Harding bProject Gutenberg,c2010 aPublic domain in the USA. aElectronic text 0aProject Gutenbergv3457040uhttp://www.gutenberg.org/ebooks/34570